00668 2200205 4500001002100000005001700021008004100038035002400079090002000103110007500123245008000198260006800278300003100346650002400377850001600401980001500417985000600432986000900438999001500447YOGYA-0209000004491620090227030555.0 ind  0010-020900000044916 a352bYog PlYOG aYOGYAKARTA (Daerah Istimewa). Biro Organisasi dan Tatalaksana Setwilda aPedoman pelayanan umum/masyarakatcBiro Organisasi dan Tatalaksana Setwilda aYogyakartabBiro Organisasi dan Tatalaksana Setwildac1991/1992 aii, 99 lembarbilusc33 cm aAdministrasi Daerah aYOPDYOG [B] a17-01-2008 a1 aRuni a07A0027262